• 首页
  • 本馆介绍
  • 公告通知
  • 最新文献
  • 馆藏检索
  • 电子资源
  • 读者导购
  • 参考咨询
  • 我的图书馆
  • 登录
  • 详细信息显示
  • 放入我的书架
  • 预约/预借图书
  • 作者相关作品
  • 分类相关作品
  • 丛书相关作品
  • 出版社相关作品

书目信息

  • 表格格式
  • 工作单格式
  • 卡片格式
题名:
岛屿主权和海洋划界国际法案例选评
    
 
作者: 周健 著
分册:  
出版信息: 北京   测绘出版社  1999
页数: 377页
开本: 19cm
丛书名:
单 册:
中图分类: D993.5
科图分类:
主题词: 岛屿--主权--国际法 , 海洋--划界--国际法--案例
电子资源:
ISBN: 7-5030-0946-2
000 00633nam0 2200205 45
001 0405251003
005 20040203165346.1
010    @a7-5030-0946-2@dCNY38.00
100    @a20040525d1999 km y0chiy0120 ea
101 0  @achi
105    @ab z 000yy
200 1  @a岛屿主权和海洋划界国际法案例选评@ADao Yu Zhu Quan He Hai Yang Hua Jie Guo Ji Fa An Li Xuan Ping@f周健著@FZhou Jian Zhu
210    @a北京@c测绘出版社@d1999
215    @a377页@c地图@d19cm
606 0  @a岛屿@x主权@x国际法
606 0  @a海洋@x划界@x国际法@x案例
690    @aD993.5@v4
701  0 @a周健@4著
801    @aCN@bTSTC@c20040525
905    @b333586-588@dD993.5@e42@f3
    
    岛屿主权和海洋划界国际法案例选评/周健著.-北京:测绘出版社,1999
    377页:地图;19cm
    
    
    ISBN 7-5030-0946-2:CNY38.00
    
●
相关链接 在E读中查询图书 在五车中查询图书 在当当中查询图书 在豆瓣中查询图书


正题名:岛屿主权和海洋划界国际法案例选评     索取号:D993.5/42         预约/预借

序号 登录号 条形码 馆藏地/架位号 状态 备注
1 0333586   203335863   第一借阅区/ [索取号:D993.5/42] 在馆    
2 0333587   203335872   第一借阅区/ [索取号:D993.5/42] 在馆    
3 0333588   203335881   第一样本阅览室/ [索取号:D993.5/42] 在馆    
唐山师范学院图书馆 欢迎您!
大连网信软件有限公司© 版权所有